Responses for Show #9119 - Thursday, June 6, 2024

Adriana Harmeyer game 7.

Contestants

[<< previous game]

Shira Gluck, a rabbi from Jersey City, New Jersey

Benjamin Nelson, a theater producer originally from Sturgis, South Dakota

Adriana Harmeyer, an archivist from West Lafayette, Indiana (whose 6-day cash winnings total $136,100)

[next game >>]

Jeopardy! Round responses

HISTORIC TELEGRAMS
I GOT A BEEF WITH YOU
PLAYING WITH MOVIE DOLLS
TRAVEL & TOURISM
ONE LETTER SAYS IT ALL
ANIMAL PLANET
    $200 19
the Maine

Benjamin
    $200 30
New York (strip steak)

Adriana
    $200 1
Woody

Adriana
    $200 28
tea

Adriana
    $200 11
a C-note

Benjamin
    $200 26
Dumbo

Benjamin
    $400 18
Martin Luther King Jr.

Adriana
    $400 29
a T-bone

Shira
    $400 2
Chucky

Benjamin
    $400 27
safari

Adriana
    $400 21
Y

Shira
    $400 25
moose

Adriana
    $600 5
Gandhi

Shira
    $600 15
Kobe

Benjamin
    $600 17
G.I. Joe

Adriana
    $600 4
(Shira: What is Amstel?)
(Adriana: What is Stella Artois?)

Heineken

AdrianaShira
Triple Stumper
    $600 14
an I formation (the power I)

Triple Stumper
    $600 8
a glider

Adriana
    $600 6
(Shira: Who is J. Edgar Hoover?)

Joseph McCarthy

Shira
    $800 20
sirloin

Adriana
    $800 16
Lars

Adriana
    $800 3
Don Quixote

Shira
    $800 12
(Ken: Correct, for Kelvin.)
[ERRATUM: Kelvin is a base unit, and is not measured in degrees.]

K

Adriana
    $800 24
ungulates

Benjamin
    $1000 7
(Adriana: Who is Scott?)
(Benjamin: Who is Hillary?)

Robert Peary

AdrianaBenjamin
Triple Stumper
    $1000 22
a London broil

Triple Stumper
    $1000 9
Annabelle

Benjamin
    $1000 10
San Marino

Adriana
    $1000 13
(Ken: Right, in Roman numerals.)

D

Shira
    $1000 23
puffins

Shira

Scores at the first commercial break (after clue 15):

Adriana Benjamin Shira
$1,000 $1,200 $1,200

Scores at the end of the Jeopardy! Round:

Adriana Benjamin Shira
$4,800 $2,400 $3,000

Double Jeopardy! Round responses

4-LETTER WORLD CITIES
HARD STUFF
WOMEN IN THE BIBLE
MUSIC OF THE '60s
LITERARY TERMS
DOUBLE "R" WORDS
    $400 18
Giza

Adriana
    $400 30
cider

Adriana
    $400 13
Ruth

Shira
    $400 11
"I Heard It Through The Grapevine"

Adriana
    $400 20
an allusion

Triple Stumper
    $400 21
corral

Adriana
    $800 16
Oslo

Shira
    $800 29
the Hard Rock

Benjamin
    $800 12
Paul

Shira
    $800 6
(Ken: Chain, chain, chain, that's correct.)

"Chain Of Fools"

Shira
    $800 19
an antihero

Adriana
    $800 22
irreconcilable

Adriana
    $1200 15
Bern

Benjamin
    $1200 17
enamel

Benjamin
    $1200 3
the head of John the Baptist

Adriana
    $1200 10
"You're Sixteen"

Triple Stumper
    $1200 9
an elegy

Triple Stumper
    $1200 23
a kookaburra

Adriana
    $2,400 1
Kyiv (Kiev)

Benjamin
    $1600 28
arteriosclerosis

Adriana
    $1600 4
(Ken: Yes, well done, rabbi.)

Esther

Shira
    $1600 7
"California Dreamin'"

Adriana
    $1600 14
foreshadowing

Adriana
    $1600 24
garrulous

Adriana
    $2000 2
(Adriana: What is Sana?)

Aden

AdrianaShira
    $2000 27
corundum

Triple Stumper
    $2000 5
Rachel

Adriana
    $2000 8
Peter, Paul and Mary

Adriana
    $2,500 26
(Ken: Shira?)
(Shira: What is an implication?)

ellipsis

Shira
    $2000 25
carrageenan

Shira

Scores at the end of the Double Jeopardy! Round:

Adriana Benjamin Shira
$18,800 $8,000 $8,900
(lock game)

[wagering suggestions for these scores]

Final Jeopardy! Round responses

U.S. HISTORY
(Ken: [To Adriana] It was the Scopes trial at which John T. Scopes was actually found guilty.)
BenjaminWhat is...?
$901
ShiraWhat is drinking alcohol?
$2,900
AdrianaWhat is teaching evolution?
$800
teaching evolution

Final scores:

Adriana Benjamin Shira
$19,600 $7,099 $6,000
7-day champion: $155,700 2nd place: $3,000 3rd place: $2,000

Game dynamics:

Coryat scores:

Adriana Benjamin Shira
$18,800 $7,200 $12,000
26 R,
3 W
11 R
(including 1 DD),
1 W
13 R,
3 W
(including 2 DDs)

Combined Coryat: $38,000

[game clues] [game scores] [suggest correction]

Game tape date: 2024-05-06
The J! Archive is created by fans, for fans. Scraping, republication, monetization, and malicious use prohibited; this site may use cookies and collect identifying information. See terms. The Jeopardy! game show and all elements thereof, including but not limited to copyright and trademark thereto, are the property of Jeopardy Productions, Inc. and are protected under law. This website is not affiliated with, sponsored by, or operated by Jeopardy Productions, Inc. Join the discussion at JBoard.tv.